Sistema de control distribuido para dispositivos de señalización ferroviaria
Spremljeno u:
| Glavni autor: | |
|---|---|
| Daljnji autori: | |
| Format: | Knjiga |
| Jezik: | Spanish |
| Izdano: |
[San José], Costa Rica
2015
|
| Teme: | |
| Oznake: |
Dodaj oznaku
Bez oznaka, Budi prvi tko označuje ovaj zapis!
|
MARC
| LEADER | 00000nam a22000007a 4500 | ||
|---|---|---|---|
| 003 | 012191 | ||
| 005 | 20230818135303.0 | ||
| 008 | 150721b2015 cr a|||| |||| 00| ||spa d | ||
| 040 | |c cru CEDI | ||
| 100 | |9 1149 |a Salazar Vargas, Víctor Adolfo, 1989-2019 | ||
| 245 | |a Sistema de control distribuido para dispositivos de señalización ferroviaria | ||
| 260 | |a [San José], Costa Rica |c 2015 | ||
| 300 | |a xii, 76 páginas : ilustraciones a color | ||
| 500 | |a Proyecto de graduación (bachillerato en ingeniería eléctrica)--Universidad de Costa Rica. Facultad de Ingeniería. Escuela de Ingeniería Eléctrica | ||
| 501 | |a Profesor Guía de IE-0499 Proyecto Eléctrico: Ing. Peter Zeledón Méndez | ||
| 648 | |x FERROVIARIOS |x INGENIERIA DE FERROCARRILES |x SISTEMAS DE COMUNICACION INALAMBRICA |x SEÑALES DE TRANSITO - AUTOMATIZACION |x SEMAFOROS |x SISTEMAS DE CONTROL |x MICROCONTROLADORES |x CIRCUITOS ELECTRONICOS |9 892 | ||
| 700 | |9 702 |a Zeledón Méndez, Peter Bernal, 1976 |d Director de Proyecto Eléctrico | ||
| 942 | |c CEDI |h TFG 7356 |6 TFG_7356_000000000000000 | ||
| 999 | |c 13896 |d 13896 | ||
